Quelle est votre pokemon préféré - Statistiques

Statistiques générales
  • Ce quiz a été pris 195 fois
  • Le résultat moyen est 2 sur 1025
Statistiques - réponses
Nom % Correct
Pikachu
15%
Amphinobi
8%
Dracaufeu
8%
Lucario
6%
Salamèche
6%
Bulbizarre
4%
Draco
4%
Mew
4%
Rayquaza
4%
Carapuce
3%
Simiabraz
3%
Ectoplasma
2%
Évoli
2%
Gobou
2%
Jungko
2%
Mélo
2%
Tortank
2%
Absol
1%
Aquali
1%
Archéduc
1%
Arcko
1%
Artikodin
1%
Baudrive
1%
Branette
1%
Braségali
1%
Bruyverne
1%
Carchacrok
1%
Chamallot
1%
Chuchmur
1%
Cotovol
1%
Darkrai
1%
Deoxys
1%
Dracolosse
1%
Exagide
1%
Félinferno
1%
Fermite
1%
Feuforêve
1%
Feunard
1%
Feurisson
1%
Flambino
1%
Florizarre
1%
Forgelina
1%
Gallame
1%
Givrali
1%
Goupix
1%
Grodrive
1%
Groudon
1%
Héricendre
1%
Hexadron
1%
Kaiminus
1%
Koraidon
1%
Kyogre
1%
Lakmécygne
1%
Lampignon
1%
Lanssorien
1%
Lanturn
1%
Larméléon
1%
Lewsor
1%
Lippoutou
1%
Lokhlass
1%
Lugia
1%
Lugulabre
1%
Luxray
1%
Magicarpe
1%
Majaspic
1%
Malvalame
1%
Massko
1%
Mateloutre
1%
Meloetta
1%
Mentali
1%
Mewtwo
1%
Mimiqui
1%
Moumouton
1%
Moustillon
1%
Noacier
1%
Nymphali
1%
Ogerpon
1%
Phyllali
1%
Pingoléon
1%
Porygon
1%
Posipi
1%
Poussifeu
1%
Psykokwak
1%
Pyrax
1%
Raichu
1%
Ramoloss
1%
Reptincel
1%
Reshiram
1%
Serpang
1%
Shaymin
1%
Sonistrelle
1%
Stalgamin
1%
Tag-Tag
1%
Terracool
1%
Tiplouf
1%
Torterra
1%
Trioxhydre
1%
Typhlosion
1%
Tyranocif
1%
Victini
1%
Vipélierre
1%
Yveltal
1%
Zekrom
1%
Abo
0%
Abra
0%
Aéromite
0%
Aéroptéryx
0%
Aflamanoir
0%
Airmure
0%
Akwakwak
0%
Alakazam
0%
Aligatueur
0%
Altaria
0%
Ama-Ama
0%
Amagara
0%
Amassel
0%
Amonistar
0%
Amonita
0%
Amovénus
0%
Ampibidou
0%
Anchwatt
0%
Angoliath
0%
Anorith
0%
Apireine
0%
Apitrini
0%
Arakdo
0%
Araqua
0%
Arbok
0%
Arboliva
0%
Arcanin
0%
Arceus
0%
Archéodong
0%
Archéomire
0%
Argouste
0%
Arkéapti
0%
Armaldo
0%
Armulys
0%
Arrozard
0%
Aspicot
0%
Astronelle
0%
Avaltout
0%
Axoloto
0%
Azumarill
0%
Azurill
0%
Babimanta
0%
Bacabouh
0%
Badabouin
0%
Baggaïd
0%
Baggiguane
0%
Balbalèze
0%
Balbuto
0%
Balignon
0%
Bamboiselle
0%
Banshitrouye
0%
Baojian
0%
Barbicha
0%
Bargantua
0%
Barloche
0%
Barpau
0%
Bastiodon
0%
Batracné
0%
Bazoucan
0%
Bébécaille
0%
Bekaglaçon
0%
Bekipan
0%
Beldeneige
0%
Bérasca
0%
Berserkatt
0%
Bétochef
0%
Bibichut
0%
Blancoton
0%
Bleuseille
0%
Blindalys
0%
Blindépique
0%
Blizzaroi
0%
Blizzeval
0%
Blizzi
0%
Boguérisse
0%
Bombydou
0%
Boréas
0%
Boskara
0%
Bouldeneu
0%
Boumata
0%
Bourrinos
0%
Boustiflor
0%
Braisillon
0%
Brindibou
0%
Briochien
0%
Brocélôme
0%
Brouhabam
0%
Brutalibré
0%
Brutapode
0%
Câblifère
0%
Cabriolaine
0%
Cacnea
0%
Cacturne
0%
Cadoizo
0%
Camérupt
0%
Canarbello
0%
Canarticho
0%
Cancrelove
0%
Candine
0%
Caninos
0%
Capidextre
0%
Capumain
0%
Carabaffe
0%
Carabing
0%
Carapagos
0%
Caratroc
0%
Carmache
0%
Carmadura
0%
Carvanha
0%
Castorno
0%
Celebi
0%
Cerbyllin
0%
Cerfrousse
0%
Ceribou
0%
Ceriflor
0%
Chacripan
0%
Chaffreux
0%
Chaglam
0%
Chapignon
0%
Chapotus
0%
Charbambin
0%
Charbi
0%
Charibari
0%
Charkos
0%
Charmillon
0%
Charmilly
0%
Charmina
0%
Charpenti
0%
Chartor
0%
Chef-de-Fer
0%
Chelours
0%
Chenipan
0%
Chenipotte
0%
Cheniselle
0%
Cheniti
0%
Chétiflor
0%
Chevroum
0%
Chimpenfeu
0%
Chinchidou
0%
Chlorobule
0%
Chochodile
0%
Chongjian
0%
Chovsourir
0%
Chrysacier
0%
Chrysapile
0%
Cizayox
0%
Clamiral
0%
Cléopsytra
0%
Clic
0%
Cliticlic
0%
Coatox
0%
Cobaltium
0%
Cochignon
0%
Coconfort
0%
Cocotine
0%
Coiffeton
0%
Coléodôme
0%
Colhomard
0%
Colimucus
0%
Colombeau
0%
Colossinge
0%
Compagnol
0%
Concombaffe
0%
Coquiperl
0%
Corayôme
0%
Corayon
0%
Corboss
0%
Cornèbre
0%
Corvaillus
0%
Cosmog
0%
Cosmovum
0%
Couafarel
0%
Couaneton
0%
Coudlangue
0%
Coupenotte
0%
Courrousinge
0%
Couverdure
0%
Coxy
0%
Coxyclaque
0%
Crabagarre
0%
Crabaraque
0%
Crabicoque
0%
Crabominable
0%
Cradopaud
0%
Craparoi
0%
Crapustule
0%
Créfadet
0%
Créfollet
0%
Créhelf
0%
Crèmy
0%
Cresselia
0%
Crikzik
0%
Croâporal
0%
Crocogril
0%
Crocorible
0%
Crocrodil
0%
Croquine
0%
Crustabri
0%
Cryodo
0%
Cryptéro
0%
Cupcanaille
0%
Dardargnan
0%
Darumacho
0%
Darumarond
0%
Debugant
0%
Dedenne
0%
Déflaisan
0%
Delcatty
0%
Délestin
0%
Démanta
0%
Démétéros
0%
Démolosse
0%
Denticrisse
0%
Desséliande
0%
Deusolourdo
0%
Dialga
0%
Diamat
0%
Diancie
0%
Dimoclès
0%
Dimoret
0%
Dinglu
0%
Dinoclier
0%
Dispareptil
0%
Dodoala
0%
Dodrio
0%
Doduo
0%
Dofin
0%
Dogrino
0%
Dolman
0%
Donphan
0%
Doudouvet
0%
Draby
0%
Drackhaus
0%
Dragmara
0%
Draïeul
0%
Drakkarmin
0%
Drascore
0%
Dratatin
0%
Drattak
0%
Dunaconda
0%
Dunaja
0%
Duralugon
0%
Dynavolt
0%
Écaïd
0%
Écayon
0%
Écrapince
0%
Écrémeuh
0%
Efflèche
0%
Ékaïser
0%
Élecsprint
0%
Électhor
0%
Électrode
0%
Élekable
0%
Élekid
0%
Élektek
0%
Embrochet
0%
Embrylex
0%
Emolga
0%
Empiflor
0%
Engloutyran
0%
Entei
0%
Éoko
0%
Épine-de-Fer
0%
Escargaume
0%
Escroco
0%
Éthernatos
0%
Étouraptor
0%
Étourmi
0%
Étourvol
0%
Excavarenne
0%
Excelangue
0%
Famignol
0%
Fantominus
0%
Fantyrm
0%
Farfaduvet
0%
Farfuret
0%
Farfurex
0%
Farigiraf
0%
Favianos
0%
Félicanis
0%
Ferdeter
0%
Férosinge
0%
Feuillajou
0%
Feuiloutan
0%
Feunnec
0%
Feu-Perçant
0%
Filentrappe
0%
Flabébé
0%
Flagadoss
0%
Flamajou
0%
Flambusard
0%
Flamenroule
0%
Flamiaou
0%
Flâmigator
0%
Flamoutan
0%
Flingouste
0%
Flobio
0%
Floette
0%
Floramantis
0%
Floravol
0%
Floréclat
0%
Florges
0%
Flotajou
0%
Flotillon
0%
Flotoutan
0%
Flotte-Mèche
0%
Fluvetin
0%
Fongus-Furie
0%
Foretress
0%
Forgella
0%
Forgerette
0%
Fort-Ivoire
0%
Fortusimia
0%
Fouinar
0%
Fouinette
0%
Fourbelin
0%
Fragilady
0%
Fragroin
0%
Frigodo
0%
Frison
0%
Frissonille
0%
Froussardine
0%
Fulgudog
0%
Fulgulairo
0%
Fulguris
0%
Funécire
0%
Furaiglon
0%
Galegon
0%
Galekid
0%
Galeking
0%
Galifeu
0%
Galopa
0%
Galvagla
0%
Galvagon
0%
Galvaran
0%
Gambex
0%
Gamblast
0%
Garde-de-Fer
0%
Gardevoir
0%
Gaulet
0%
Genesect
0%
Géolithe
0%
Germéclat
0%
Germignon
0%
Gigalithe
0%
Gigansel
0%
Girafarig
0%
Giratina
0%
Glaivodo
0%
Gloupti
0%
Goélise
0%
Goinfrex
0%
Golemastoc
0%
Golgopathe
0%
Gorythmic
0%
Goupelin
0%
Goupilou
0%
Gourmelet
0%
Gouroutan
0%
Grahyèna
0%
Grainipiot
0%
Granbull
0%
Granivol
0%
Gravalanch
0%
Grelaçon
0%
Grenousse
0%
Gribouraigne
0%
Griknot
0%
Grillepattes
0%
Grimalin
0%
Grindur
0%
Gringolem
0%
Grodoudou
0%
Grolem
0%
Gromago
0%
Grondogue
0%
Groret
0%
Grotadmorv
0%
Grotichon
0%
Gruikui
0%
Gueriaigle
0%
Guérilande
0%
Hachécateur
0%
Hariyama
0%
Hastacuda
0%
Haydaim
0%
Heatran
0%
Hélédelle
0%
Héliatronc
0%
Hélionceau
0%
Herbizarre
0%
Hexagel
0%
Hippodocus
0%
Hippopotas
0%
Ho-Oh
0%
Hoopa
0%
Hoothoot
0%
Hotte-de-Fer
0%
Hurle-Queue
0%
Hydragla
0%
Hydragon
0%
Hypnomade
0%
Hypocéan
0%
Hyporoi
0%
Hypotrempe
0%
Iguolta
0%
Incisache
0%
Insécateur
0%
Insolourdo
0%
Ire-Foudre
0%
Ixon
0%
Jirachi
0%
Joliflor
0%
Judokrak
0%
Kabuto
0%
Kabutops
0%
Kadabra
0%
Kaimorse
0%
Kangourex
0%
Kaorine
0%
Kapoera
0%
Karaclée
0%
Katagami
0%
Kecleon
0%
Keldeo
0%
Keunotor
0%
Khélocrok
0%
Kicklee
0%
Kirlia
0%
Kokiyas
0%
Korillon
0%
Krabboss
0%
Krabby
0%
Kraknoix
0%
Krakos
0%
Kranidos
0%
Kravarech
0%
Kungfouine
0%
Kyurem
0%
Laggron
0%
Lainergie
0%
Lamantine
0%
Lampéroie
0%
Lançargot
0%
Laporeille
0%
Lapyro
0%
Larvadar
0%
Larveyette
0%
Larvibule
0%
Latias
0%
Latios
0%
Léboulérou
0%
Léopardus
0%
Lépidonille
0%
Lestombaile
0%
Leuphorie
0%
Leveinard
0%
Léviator
0%
Lézargus
0%
Lianaja
0%
Libégon
0%
Lilia
0%
Lilliterelle
0%
Limagma
0%
Limaspeed
0%
Limonde
0%
Linéon
0%
Lippouti
0%
Lixy
0%
Lockpin
0%
Lombre
0%
Lougaroc
0%
Loupio
0%
Lovdisc
0%
Lucanon
0%
Ludicolo
0%
Luminéon
0%
Lumivole
0%
Lunala
0%
Luxio
0%
Machoc
0%
Machopeur
0%
Mackogneur
0%
Macronium
0%
Maganon
0%
Magby
0%
Magearna
0%
Magirêve
0%
Magmar
0%
Magnéti
0%
Magnéton
0%
Magnézone
0%
Makuhita
0%
Malamandre
0%
Malosse
0%
Mamanbo
0%
Mammochon
0%
Manaphy
0%
Mandrillon
0%
Manglouton
0%
Mangriff
0%
Manternel
0%
Manzaï
0%
Maracachi
0%
Maraiste
0%
Marcacrin
0%
Marill
0%
Marisson
0%
Marshadow
0%
Mascaïman
0%
Maskadra
0%
Mastouffe
0%
Matoufeu
0%
Matourgeon
0%
Medhyèna
0%
Méditikka
0%
Méganium
0%
Mégapagos
0%
Méios
0%
Mélancolux
0%
Melmetal
0%
Mélodelfe
0%
Mélofée
0%
Mélokrik
0%
Meltan
0%
Mesmérella
0%
Métalosse
0%
Métamorph
0%
Métang
0%
Météno
0%
M. Glaquette
0%
Miamiasme
0%
Miaouss
0%
Miascarade
0%
Miasmax
0%
Migalos
0%
Milobellus
0%
Mimantis
0%
Mime Jr.
0%
Mimigal
0%
Mimitoss
0%
Minidraco
0%
Minisange
0%
Minotaupe
0%
Miradar
0%
Miraidon
0%
Mistigrix
0%
Mite-de-Fer
0%
M. Mime
0%
Momartik
0%
Monaflèmit
0%
Monorpale
0%
Monthracite
0%
Mordudor
0%
Morpeko
0%
Morphéo
0%
Motisma
0%
Motorizard
0%
Moufflair
0%
Moufouette
0%
Moumouflon
0%
Mouscoto
0%
Moyade
0%
Muciole
0%
Mucuscule
0%
Munja
0%
Munna
0%
Muplodocus
0%
Mushana
0%
Mustébouée
0%
Mustéflott
0%
Mygavolt
0%
Mysdibule
0%
Mystherbe
0%
Nanméouïe
0%
Natu
0%
Necrozma
0%
Négapi
0%
Neitram
0%
Némélios
0%
Nénupiot
0%
Nidoking
0%
Nidoqueen
0%
Nidoran♀
0%
Nidoran♂
0%
Nidorina
0%
Nidorino
0%
Nigirigon
0%
Nigosier
0%
Ningale
0%
Ninjask
0%
Nirondelle
0%
Noadkoko
0%
Noarfang
0%
Noctali
0%
Noctunoir
0%
Nodulithe
0%
Noeunoeuf
0%
Nosferalto
0%
Nosferapti
0%
Nostenfer
0%
Nounourson
0%
Nucléos
0%
Obalie
0%
Octillery
0%
Ohmassacre
0%
Okéoké
0%
Olivado
0%
Olivini
0%
Oniglali
0%
Onix
0%
Opermine
0%
Oratoria
0%
Ortide
0%
Ossatueur
0%
Osselait
0%
Otaquin
0%
Otaria
0%
Otarlette
0%
Ouistempo
0%
Ouisticram
0%
Ouvrifier
0%
Oyacata
0%
Pachirisu
0%
Pachyradjah
0%
Palarticho
0%
Palkia
0%
Palmaval
0%
Pandarbare
0%
Pandespiègle
0%
Papilord
0%
Papilusion
0%
Papinox
0%
Paragruel
0%
Paras
0%
Parasect
0%
Parecool
0%
Pashmilla
0%
Passerouge
0%
Pâtachiot
0%
Paume-de-Fer
0%
Pêchaminus
0%
Pelage-Sablé
0%
Pérégrain
0%
Persian
0%
Phanpy
0%
Pharamp
0%
Phione
0%
Phogleur
0%
Piafabec
0%
Picassaut
0%
Pichu
0%
Piclairon
0%
Pierroteknik
0%
Piétacé
0%
Pifeuil
0%
Pijako
0%
Pimito
0%
Pitrouille
0%
Plumeline
0%
Pohm
0%
Pohmarmotte
0%
Pohmotte
0%
Poichigeon
0%
Poissirène
0%
Poissoroy
0%
Polagriffe
0%
Polarhume
0%
Polichombr
0%
Poltchageist
0%
Polthégeist
0%
Pomdepik
0%
Pomdorochi
0%
Pomdramour
0%
Pomdrapi
0%
Ponchien
0%
Ponchiot
0%
Pondralugon
0%
Ponyta
0%
Porygon2
0%
Porygon-Z
0%
Poulpaf
0%
Poussacha
0%
Prédastérie
0%
Prinplouf
0%
Prismillon
0%
Psystigri
0%
Ptéra
0%
Ptiravi
0%
Ptitard
0%
Ptyranidur
0%
Pyrobut
0%
Pyroli
0%
Pyronille
0%
Quartermac
0%
Queulorior
0%
Qulbutoké
0%
Qwilfish
0%
Qwilpik
0%
Racaillou
0%
Rafflesia
0%
Raikou
0%
Ramboum
0%
Rampe-Ailes
0%
Rapasdepic
0%
Rapion
0%
Ratentif
0%
Rattata
0%
Rattatac
0%
Regice
0%
Regidrago
0%
Regieleki
0%
Regigigas
0%
Regirock
0%
Registeel
0%
Relicanth
0%
Rémoraid
0%
Rexillius
0%
Rhinastoc
0%
Rhinocorne
0%
Rhinoféros
0%
Rhinolove
0%
Riolu
0%
Rocabot
0%
Roc-de-Fer
0%
Roigada
0%
Roitiflam
0%
Rondoudou
0%
Ronflex
0%
Rongourmand
0%
Rongrigou
0%
Rosabyss
0%
Rosélia
0%
Roserade
0%
Rototaupe
0%
Roublenard
0%
Roucarnage
0%
Roucool
0%
Roucoups
0%
Roue-de-Fer
0%
Roussil
0%
Rozbouton
0%
Rubombelle
0%
Rugit-Lune
0%
Sabelette
0%
Sablaireau
0%
Salarsen
0%
Sancoki
0%
Sapereau
0%
Saquedeneu
0%
Sarmuraï
0%
Scalpereur
0%
Scalpion
0%
Scalproie
0%
Scarabrute
0%
Scarhino
0%
Scobolide
0%
Scolocendre
0%
Scorplane
0%
Scorvol
0%
Scovilain
0%
Scrutella
0%
Séléroc
0%
Selutin
0%
Sepiatop
0%
Sepiatroce
0%
Séracrawl
0%
Serpente-Eau
0%
Séviper
0%
Shaofouine
0%
Sharpedo
0%
Shifours
0%
Sidérella
0%
Silvallié
0%
Simularbre
0%
Sinistrail
0%
Skelénox
0%
Skitty
0%
Smogo
0%
Smogogo
0%
Snubbull
0%
Solaroc
0%
Solgaleo
0%
Solochi
0%
Soporifik
0%
Sorbébé
0%
Sorbouboul
0%
Sorboul
0%
Sorcilence
0%
Sovkipou
0%
Spectreval
0%
Spectrum
0%
Spinda
0%
Spiritomb
0%
Spododo
0%
Spoink
0%
Stari
0%
Staross
0%
Statitik
0%
Steelix
0%
Strassie
0%
Sucreine
0%
Sucroquin
0%
Suicune
0%
Sulfura
0%
Superdofin
0%
Sylveroy
0%
Symbios
0%
Tadmorv
0%
Tapatoès
0%
Tarenbulle
0%
Tarinor
0%
Tarinorme
0%
Tarpaud
0%
Tarsal
0%
Tartard
0%
Taupikeau
0%
Taupiqueur
0%
Tauros
0%
Teddiursa
0%
Ténéfix
0%
Tengalice
0%
Tentacool
0%
Tentacruel
0%
Téraclope
0%
Terapagos
0%
Terhal
0%
Terracruel
0%
Terraiste
0%
Terrakium
0%
Têtampoule
0%
Têtarte
0%
Têtes-de-Fer
0%
Théffroi
0%
Théffroyable
0%
Tiboudet
0%
Tic
0%
Tissenboule
0%
Togedemaru
0%
Togekiss
0%
Togepi
0%
Togetic
0%
Tokopisco
0%
Tokopiyon
0%
Tokorico
0%
Tokotoro
0%
Tomberro
0%
Torgamord
0%
Tortipouss
0%
Toudoudou
0%
Tournegrin
0%
Tournicoton
0%
Toutombe
0%
Toxizap
0%
Tranchodon
0%
Trépassable
0%
Triopikeau
0%
Triopikeur
0%
Tritonde
0%
Tritosor
0%
Tritox
0%
Trompignon
0%
Tropius
0%
Trousselin
0%
Tutafeh
0%
Tutankafer
0%
Tutétékri
0%
Tygnon
0%
Tylton
0%
Type:0
0%
Ursaking
0%
Ursaring
0%
Vacilys
0%
Vaututrice
0%
Vémini
0%
Venalgue
0%
Venipatte
0%
Verpom
0%
Vert-de-Fer
0%
Vibraninf
0%
Vigoroth
0%
Virevorreur
0%
Viridium
0%
Virovent
0%
Viskuse
0%
Vivaldaim
0%
Volcanion
0%
Volcaropod
0%
Voltali
0%
Voltorbe
0%
Voltoutou
0%
Vorastérie
0%
Vortente
0%
Vostourno
0%
Vrombi
0%
Vrombotor
0%
Wagomine
0%
Wailmer
0%
Wailord
0%
Wattapik
0%
Wattouat
0%
Wimessir
0%
Wushours
0%
Xatu
0%
Xerneas
0%
Yanma
0%
Yanmega
0%
Ymphect
0%
Yuyu
0%
Zacian
0%
Zamazenta
0%
Zapétrel
0%
Zarbi
0%
Zarude
0%
Zébibron
0%
Zéblitz
0%
Zeraora
0%
Zéroïd
0%
Zigzaton
0%
Zoroark
0%
Zorua
0%
Zygarde
0%
Aucun quiz correspondant
Distribution des résultats
% des personnes avec chaque résultat
Percentile par nombre de réponses
Votre historique - résultats
Vous n’avez pas pris ce quiz